| 000 | 00984cam a22003017a 4500 | ||
|---|---|---|---|
| 003 | CHAP | ||
| 005 | 20220329134538.0 | ||
| 008 | 971013s1956 r 00010 d | ||
| 010 | _a21940 | ||
| 011 | _a22912 | ||
| 035 | _a27007 | ||
| 040 | _cCHAP | ||
| 082 |
_a301.35 _bC5 |
||
| 100 | 0 | 0 |
_aClifford, Roy A. _923807 |
| 245 | 1 | 3 |
_aLa sociología rural _b: su aplicación a los programas educativos y de acción |
| 260 |
_aLa Habana : _b(s.e.), _c1956 |
||
| 300 | _apág. varía | ||
| 590 |
_aBATCH-UPD _b10 _c20130110 _lUCH01 _h0109 |
||
| 590 |
_aBATCH-UPD _b10 _c20130110 _lUCH01 _h1252 |
||
| 590 |
_aBATCH-UPD _b10 _c20130410 _lUCH01 _h0814 |
||
| 590 |
_aBATCH-UPD _b10 _c20130914 _lUCH01 _h0948 |
||
| 590 |
_aCONVERSION _b10 _c20130109 _lUCH01 _h1313 |
||
| 650 | 1 | 4 |
_aSociología rural. _9108215 |
| 710 | 0 |
_aInstituto Interamericano de Ciencias Agrícolas de la OEA. _959209 |
|
| 901 | _aBK | ||
| 942 | _cLIBRO | ||
| 949 |
_a301.35 C5 _bBC _cLIBRO _d33724000291431 _eLIBRO _h33209 _i27007 _si |
||
| 999 |
_c21940 _d21940 |
||